European Journal of Oral Science (Record no. 30249)

MARC details
000 -LEADER
fixed length control field 00213nam a22000977a 4500
003 - CONTROL NUMBER IDENTIFIER
control field SGT
245 ## - TITLE STATEMENT
Title European Journal of Oral Science
260 ## - PUBLICATION, DISTRIBUTION, ETC. (IMPRINT)
Name of publisher, distributor, etc Willey Publisher
Year of Publication 2009-2010
300 ## - PAGE DESCRIPTION
No. of Pages 780,650
942 ## - ADDED ENTRY ELEMENTS (KOHA)
Source of classification or shelving scheme Dewey Decimal Classification
Koha item type Back Volumes
Holdings
Withdrawn status Lost status Source of classification or shelving scheme Damaged status Use restrictions Not for loan Home library Current library Date acquired Volume Information (Serial or Books or Non-Book Material) SGTU Accession No. (Barcode) Date last seen Bill Date Koha item type
    Dewey Decimal Classification   Restricted Access Not For Loan SGT Dental Library SGT Dental Library 11/03/2025 Vol.117 SGTU PD1202 11/03/2025 11/03/2025 Back Volumes
    Dewey Decimal Classification   Restricted Access Not For Loan SGT Dental Library SGT Dental Library 11/03/2025 Vol.118 SGTU PD1203 11/03/2025 11/03/2025 Back Volumes